| 000 | 01108ntm a2200289 a 4500 | ||
|---|---|---|---|
| 001 | 75916 | ||
| 003 | BD-RjUL | ||
| 005 | 20211209082749.0 | ||
| 008 | 190914s2014 bg a|||| bm|| 00| 0 eng d | ||
| 035 | _a(BD-RjUL)76135 | ||
| 040 |
_aBD-RjUL _beng _cBD-RjUL _dBD-RjUL |
||
| 041 | _aeng | ||
| 082 |
_a618.9268 _223 _bISC 2014 |
||
| 100 | 1 |
_aIslam, Syed Sirajul _9232924 |
|
| 245 | 1 | 0 |
_aClinico-Pathological study of undescended Testis in Children / _cby Syed Sirajul Islam ; _6Principal Supervisor: Parvez Hassan ; Co-Supervisor: Shah Md. Badruddoza |
| 260 |
_aRajshahi : _bInstitute of Biological Sciences, University of Rajshahi, _c2014 |
||
| 300 |
_aviii, 88 leaves ; _c29 cm. |
||
| 502 | _aThesis (Ph. D.) -- Institute of Biological Sciences, University of Rajshahi, 2014 | ||
| 504 | _aReferences: Leaves [59]-70 | ||
| 600 |
_d _9244881 |
||
| 650 |
_aHuman genetics _9232965 |
||
| 650 |
_aTestis _xDiseases _9232929 |
||
| 650 |
_aChildren _xSurgery _9232966 |
||
| 700 |
_aHassan, Parvez, Principal Supervisor _9232926 |
||
| 700 |
_aBadruddoza, Shah Md. , Co-Supervisor _9232927 |
||
| 942 |
_2ddc _cTHE |
||
| 999 |
_c75916 _d75916 |
||